000 00831nas a2200265 4500
001 BR9804943
003 BR-BrBNA
005 20231205101136.0
007 ta
008 230509b bl.|||p| |||| 00| 00por d
040 _aBR-BrBNA
_bpor
_cBiblioteca Nacional de Agricultura
041 _a(Pt)
072 _aE70; D50
100 1 _aCarvalho, S.M.P. de
245 1 _aProtecao de cultivares e apropriabilidade economica no mercado de sementes no Brasil
650 _aSemente
650 _aVariedade
650 _aMelhoramento Genetico Vegetal
650 _aLegislacao
650 _aComercio Interno
650 _aComercio Exterior
773 0 _tCadernos de Ciencia e Tecnologia (Brazil)
_xISSN 0104-1096
_g(Sep-Dec 1997), v. 14(3) p. 365-409
_wBR9804943
909 _a202311
_bLúcia
_c55
_dLúcia Elande
942 _2AGRIS
_n0
_cANA
999 _c160000
_d160000